[Event "Bundesliga 2324"]
[Site "Germany"]
[Date "2024.02.03"]
[Round "7.5"]
[White "Zelcic, Robert"]
[Black "Geirnaert, Steven"]
[Result "0-1"]
[WhiteElo "2476"]
[BlackElo "2433"]
[PlyCount "104"]
[EventDate "2023.10.21"]
[EventType "team-tourn"]
[EventRounds "15"]
[EventCountry "GER"]
[SourceTitle "CB06_2024"]
[SourceDate "2024.02.07"]
[SourceVersion "1"]
[SourceVersionDate "2024.02.07"]
[SourceQuality "1"]
[WhiteTeam "Kirchweyhe"]
[BlackTeam "Remagen Sinzig"]
[WhiteTeamCountry "GER"]
[BlackTeamCountry "GER"]

1. e4 e5 2. Nf3 Nc6 3. Bb5 a6 4. Ba4 Nf6 5. 0-0 Nxe4 6. d4 b5 7. Bb3 d5 8. dxe5 Be6 9. Be3 Be7 10. c3 Nc5 11. Bc2 Nd7 12. Nbd2 Ndxe5 13. Nxe5 Nxe5 14. Bd4 Ng4 15. Bxg7 Rg8 16. Bd4 Bd6 17. Nf3 Nxh2 18. Re1 Nxf3+ 19. Qxf3 Qh4 20. Be5 0-0-0 21. a4 Rg5 22. Bxd6 Rh5 23. g3 Qh2+ 24. Kf1 Rxd6 25. Ke2 Re5+ 26. Kd2 Qh6+ 27. Qf4 Qxf4+ 28. gxf4 Rxe1 29. Rxe1 h6 30. axb5 axb5 31. f5 Bd7 32. Ke3 c5 33. Kf4 d4 34. Re5 c4 35. cxd4 Rxd4+ 36. Ke3 Rd6 37. b3 cxb3 38. Bxb3 f6 39. Rc5+ Kb7 40. Bf7 Kb6 41. Rc1 Bxf5 42. Rh1 Rd7 43. Kf4 Rxf7 44. Kxf5 b4 45. Ke6 Rf8 46. Ke7 Rc8 47. Rxh6 Rc6 48. Kd7 Kb7 49. f4 b3 50. Rh1 f5 51. Rb1 Rb6 52. Rb2 Ka6 0-1

[Event "Bundesliga 2324"]
[Site "Germany"]
[Date "2024.01.13"]
[Round "5.7"]
[White "Krasenkow, Michal"]
[Black "Geirnaert, Steven"]
[Result "1-0"]
[WhiteElo "2531"]
[BlackElo "2433"]
[PlyCount "150"]
[EventDate "2023.10.21"]
[EventType "team-tourn"]
[EventRounds "15"]
[EventCountry "GER"]
[SourceTitle "CB03_2024"]
[SourceDate "2024.01.17"]
[SourceVersion "1"]
[SourceVersionDate "2024.01.17"]
[SourceQuality "1"]
[WhiteTeam "Deizisau"]
[BlackTeam "Remagen Sinzig"]
[WhiteTeamCountry "GER"]
[BlackTeamCountry "GER"]

1. d4 Nf6 2. c4 e6 3. Nc3 Bb4 4. e3 0-0 5. Bd3 d5 6. Nge2 c5 7. a3 dxc4 8. Bxc4 Bxc3+ 9. bxc3 e5 10. 0-0 Nc6 11. Bb2 Qb6 12. Qc2 Na5 13. Ba2 c4 14. Ng3 Be6 15. e4 Rad8 16. d5 Bc8 17. a4 Nd7 18. Ba3 Nc5 19. Bb4 Bd7 20. Qe2 Rfe8 21. Bxc4 Nxc4 22. Qxc4 Nxa4 23. Rfb1 Rc8 24. Qd3 Bb5 25. Qd2 a5 26. c4 Rxc4 27. Bxa5 Qa6 28. Bb4 Bd7 29. Qe3 b5 30. h3 Rec8 31. Qf3 Qb6 32. Nf5 Bxf5 33. Qxf5 Qd4 34. Rd1 Qxe4 35. Qxe4 Rxe4 36. Be7 Rc7 37. d6 Rd7 38. Rdb1 f6 39. Rxb5 Nc3 40. Rc5 Ra4 41. Re1 Re4 42. Rxe4 Nxe4 43. Rc7 Rxd6 44. Bxd6 Nxd6 45. Kf1 h5 46. Ke2 Nf5 47. Kd3 Kh7 48. Ke4 Kg6 49. Rd7 Nh4 50. g3 Nf5 51. Kd5 Nd4 52. Rb7 Nf3 53. Rb3 e4 54. Rb4 Ng5 55. h4 Nh3 56. Rb2 Kf5 57. Kd4 g5 58. Ke3 Ke5 59. Rb5+ Ke6 60. Kxe4 gxh4 61. gxh4 Nxf2+ 62. Kf3 Nd3 63. Rxh5 Ne5+ 64. Ke4 Kf7 65. Rf5 Kg6 66. h5+ Kg7 67. Rf1 Nf7 68. Kf5 Nd6+ 69. Kg4 Nf7 70. Ra1 Nh6+ 71. Kf4 Kf7 72. Ra7+ Ke6 73. Rb7 Ng8 74. Rg7 Nh6 75. Rg6 Kd5 1-0

[Event "BEL-ch"]
[Site "Bruges"]
[Date "2023.08.20"]
[Round "9"]
[White "Hauchamps, Maxime"]
[Black "Geirnaert, Steven"]
[Result "0-1"]
[WhiteElo "2229"]
[BlackElo "2425"]
[PlyCount "116"]
[EventDate "2023.08.12"]
[EventType "tourn"]
[EventRounds "9"]
[EventCountry "BEL"]
[EventCategory "3"]
[SourceTitle "CBM 215 Extra"]
[Source "ChessBase"]
[SourceDate "2023.09.30"]
[SourceVersion "1"]
[SourceVersionDate "2023.09.30"]
[SourceQuality "1"]

1. e4 d5 2. exd5 Qxd5 3. Nc3 Qa5 4. d4 Nf6 5. Nf3 c6 6. Bd2 Bg4 7. h3 Bxf3 8. Qxf3 Nbd7 9. Bc4 e6 10. 0-0 Qc7 11. Rfe1 Bd6 12. Bd3 0-0 13. Ne4 Rfe8 14. Bg5 Nxe4 15. Qxe4 Nf8 16. c4 Ng6 17. Bd2 Rad8 18. Bc3 Be7 19. Rad1 Bf6 20. b4 Re7 21. Bc2 Red7 22. Rd3 Qf4 23. g3 Qxe4 24. Rxe4 b5 25. cxb5 cxb5 26. f4 Ne7 27. Re2 g6 28. Bb3 Bxd4+ 29. Bxd4 Rxd4 30. Rxd4 Rxd4 31. Rc2 Rxb4 32. Rc7 Nf5 33. g4 Nd4 34. Rxa7 Nxb3 35. axb3 Rxf4 36. Kg2 h6 37. Rd7 Rb4 38. Rd3 Kg7 39. Kf3 g5 40. Rc3 Kg6 41. Re3 h5 42. Rc3 Rf4+ 43. Kg3 hxg4 44. hxg4 f5 45. gxf5+ exf5 46. Rc6+ Kh5 47. Rc5 Rb4 48. Rxf5 Rxb3+ 49. Kh2 Kh4 50. Rd5 Rb2+ 51. Kg1 g4 52. Rd8 Kh3 53. Rd7 Rb1+ 54. Kf2 g3+ 55. Kf3 Rf1+ 56. Ke2 g2 57. Rh7+ Kg3 58. Rg7+ Kh2 0-1

[Event "BEL-ch"]
[Site "Bruges"]
[Date "2023.08.15"]
[Round "4"]
[White "Lenaerts, Lennert"]
[Black "Geirnaert, Steven"]
[Result "1-0"]
[WhiteElo "2301"]
[BlackElo "2425"]
[PlyCount "91"]
[EventDate "2023.08.12"]
[EventType "tourn"]
[EventRounds "9"]
[EventCountry "BEL"]
[EventCategory "3"]
[SourceTitle "CBM 215 Extra"]
[Source "ChessBase"]
[SourceDate "2023.09.30"]
[SourceVersion "1"]
[SourceVersionDate "2023.09.30"]
[SourceQuality "1"]

1. e4 e5 2. Nf3 Nc6 3. Bb5 a6 4. Ba4 Nf6 5. 0-0 Nxe4 6. d4 b5 7. Bb3 d5 8. dxe5 Be6 9. c3 Bc5 10. Nbd2 0-0 11. Bc2 Nxf2 12. Rxf2 Bxf2+ 13. Kxf2 f6 14. Nf1 fxe5 15. Kg1 Qd7 16. a4 e4 17. Nd4 Ne5 18. b4 Qf7 19. Qe1 Bd7 20. a5 Rae8 21. Be3 Qf6 22. Qg3 Rf7 23. Nd2 Ref8 24. h3 Qd6 25. Ne2 Re8 26. Bb3 Re6 27. Bc5 Nf3+ 28. gxf3 Qxg3+ 29. Nxg3 c6 30. Ndxe4 Rxf3 31. Bd1 Rd3 32. Be2 dxe4 33. Bxd3 exd3 34. Rd1 Rg6 35. Rxd3 Bxh3 36. Kh2 Rh6 37. Rd8+ Kf7 38. Be3 Rh4 39. Bg5 Rg4 40. Rd7+ Ke6 41. Rxg7 h6 42. Kxh3 Rxg5 43. Rxg5 hxg5 44. Ne4 Ke5 45. Nc5 Kf4 46. Kg2 1-0

[Event "EU-Cup 37th"]
[Site "Mayrhofen"]
[Date "2022.10.06"]
[Round "4.6"]
[White "Nemec, Jachym"]
[Black "Geirnaert, Steven"]
[Result "1/2-1/2"]
[WhiteElo "2345"]
[BlackElo "2399"]
[PlyCount "102"]
[EventDate "2022.10.03"]
[EventType "team-swiss"]
[EventRounds "7"]
[EventCountry "AUT"]
[SourceTitle "CBM 210 Extra"]
[Source "ChessBase"]
[SourceDate "2022.11.30"]
[SourceVersion "1"]
[SourceVersionDate "2022.11.30"]
[SourceQuality "1"]
[WhiteTeam "Brno Moravska Slavia"]
[BlackTeam "Bruges"]
[WhiteTeamCountry "CZE"]
[BlackTeamCountry "BEL"]

1. d4 Nf6 2. c4 e6 3. Nf3 b6 4. a3 Bb7 5. Nc3 Ne4 6. Nxe4 Bxe4 7. Nd2 Bg6 8. g3 Nc6 9. e3 e5 10. d5 Na5 11. Bg2 Bd6 12. b4 Nb7 13. h4 h6 14. e4 a5 15. c5 bxc5 16. b5 0-0 17. 0-0 f5 18. exf5 Bxf5 19. Re1 Qf6 20. Bb2 Bd3 21. f4 Qg6 22. fxe5 Qxg3 23. Nf3 Bxb5 24. exd6 Nxd6 25. Be5 Qg4 26. Rc1 Ba4 27. Qd3 Bb5 28. Qd1 Ba4 29. Qe2 Rae8 30. Rxc5 Rf4 31. Qf1 Re4 32. Rxe4 Qxe4 33. Bxd6 cxd6 34. Rc4 Qe3+ 35. Qf2 Qxa3 36. Rg4 Bd1 37. Kh2 Qe3 38. Qb2 Re7 39. Qb8+ Re8 40. Qb2 Re7 41. Rg3 Qe4 42. Qb8+ Re8 43. Qxd6 Bxf3 44. Rxf3 Qxh4+ 45. Rh3 Qg4 46. Bf3 Re2+ 47. Bxe2 Qxe2+ 48. Kg3 Qe3+ 49. Kg4 Qe2+ 50. Kg3 Qe3+ 51. Kg4 Qe2+ 1/2-1/2

[Event "NED-chT 2223"]
[Site "Netherlands"]
[Date "2022.09.17"]
[Round "1.8"]
[White "Geirnaert, Steven"]
[Black "Kuipers, Stefan"]
[Result "1/2-1/2"]
[WhiteElo "2401"]
[BlackElo "2441"]
[PlyCount "37"]
[EventDate "2022.09.17"]
[EventType "team-tourn"]
[EventRounds "9"]
[EventCountry "NED"]
[SourceTitle "CBM 213 Extra"]
[Source "ChessBase"]
[SourceDate "2023.05.31"]
[SourceVersion "1"]
[SourceVersionDate "2023.05.31"]
[SourceQuality "1"]
[WhiteTeam "Charlois Europoort"]
[BlackTeam "Apeldoorn Amevo"]
[WhiteTeamCountry "NED"]
[BlackTeamCountry "NED"]

1. d4 d5 2. c4 c6 3. Nc3 Nf6 4. cxd5 cxd5 5. Bf4 e6 6. e3 Bd6 7. Bxd6 Qxd6 8. Bd3 Bd7 9. f4 Bc6 10. Nf3 Nbd7 11. Ne5 Ne4 12. Bxe4 dxe4 13. 0-0 0-0 14. Nxc6 Qxc6 15. d5 Qb6 16. dxe6 Qxe3+ 17. Kh1 Nf6 18. Nd5 Nxd5 19. exf7+ 1/2-1/2

[Event "BEL-chT 2122"]
[Site "Belgium"]
[Date "2022.03.13"]
[Round "9.4"]
[White "Klein, David"]
[Black "Geirnaert, Steven"]
[Result "1/2-1/2"]
[WhiteElo "2495"]
[BlackElo "2428"]
[PlyCount "65"]
[EventDate "2021.10.24"]
[EventType "team-tourn"]
[EventRounds "11"]
[EventCountry "BEL"]
[SourceTitle "EXT 2023"]
[Source "ChessBase"]
[SourceDate "2022.10.05"]
[SourceVersion "1"]
[SourceVersionDate "2022.10.05"]
[SourceQuality "1"]
[WhiteTeam "Wachtebeke"]
[BlackTeam "KBSK Brugge"]
[WhiteTeamCountry "BEL"]
[BlackTeamCountry "BEL"]

1. Nf3 Nf6 2. c4 e6 3. g3 d5 4. Bg2 Be7 5. 0-0 0-0 6. Qc2 d4 7. a3 c5 8. e3 a5 9. exd4 cxd4 10. d3 Nc6 11. Re1 Nd7 12. Bf4 Re8 13. h4 Bf8 14. Ne5 Ncxe5 15. Bxe5 Nc5 16. Bf4 f6 17. Bc1 a4 18. Nd2 Bd7 19. Rb1 Rc8 20. Ne4 b5 21. Nxc5 Rxc5 22. Bd2 bxc4 23. dxc4 Qc8 24. Rbc1 Bb5 25. Be4 f5 26. Bd3 Bd7 27. Bb4 e5 28. Bxc5 Bxc5 29. Qd2 Bc6 30. Qa5 Bd7 31. f3 Qc6 32. Kh2 Qxf3 33. Qxc5 1/2-1/2

[Event "Roquetas de Mar op 33rd"]
[Site "Roquetas de Mar"]
[Date "2022.01.09"]
[Round "9"]
[White "Kapitanchuk, Tomas"]
[Black "Geirnaert, Steven"]
[Result "1/2-1/2"]
[WhiteElo "2327"]
[BlackElo "2429"]
[PlyCount "68"]
[EventDate "2022.01.04"]
[EventType "swiss"]
[EventRounds "9"]
[EventCountry "ESP"]
[SourceTitle "EXT 2023"]
[Source "ChessBase"]
[SourceDate "2022.10.05"]
[SourceVersion "1"]
[SourceVersionDate "2022.10.05"]
[SourceQuality "1"]

1. e4 e5 2. Nf3 Nc6 3. Bc4 Bc5 4. c3 Nf6 5. d4 exd4 6. b4 Bb6 7. e5 d5 8. exf6 dxc4 9. Qe2+ Be6 10. fxg7 Rg8 11. b5 Ne7 12. cxd4 Rxg7 13. 0-0 Qd5 14. Nc3 Qh5 15. Bf4 0-0-0 16. Bg3 Nd5 17. Ne4 Bg4 18. Nc5 Bxf3 19. gxf3 Bxc5 20. dxc5 f5 21. Qe6+ Kb8 22. Qe5 Re7 23. Qd4 Qxf3 24. Rfe1 Rxe1+ 25. Rxe1 f4 26. Bxf4 c3 27. Bg3 c2 28. b6 axb6 29. cxb6 Kc8 30. Qa4 Ne3 31. Qa8+ Kd7 32. Qa4+ Kc8 33. Qa8+ Kd7 34. Qa4+ Kc8 1/2-1/2

[Event "Roquetas de Mar op 33rd"]
[Site "Roquetas de Mar"]
[Date "2022.01.06"]
[Round "5"]
[White "Cesar Maestre, Bernardo"]
[Black "Geirnaert, Steven"]
[Result "1-0"]
[WhiteElo "2272"]
[BlackElo "2429"]
[PlyCount "67"]
[EventDate "2022.01.04"]
[EventType "swiss"]
[EventRounds "9"]
[EventCountry "ESP"]
[SourceTitle "EXT 2023"]
[Source "ChessBase"]
[SourceDate "2022.10.05"]
[SourceVersion "1"]
[SourceVersionDate "2022.10.05"]
[SourceQuality "1"]

1. e4 e5 2. Nf3 Nc6 3. Bb5 a6 4. Ba4 Nf6 5. d3 b5 6. Bb3 Bc5 7. Nc3 d6 8. Nd5 h6 9. c3 Ba7 10. a4 0-0 11. Nxf6+ Qxf6 12. Bd5 Bd7 13. Rg1 h5 14. h3 b4 15. g4 hxg4 16. hxg4 g6 17. Bg5 Qg7 18. Nh4 bxc3 19. bxc3 Rab8 20. Qd2 Nd4 21. cxd4 Bxd4 22. Bh6 Bxa1 23. Bxg7 Kxg7 24. Nf5+ Bxf5 25. Qa2 Bc3+ 26. Kf1 Bd7 27. Qc4 Bd4 28. Qxc7 Rb2 29. Qxd7 Rxf2+ 30. Ke1 Rb8 31. Bb7 Ra2 32. Rf1 Ra1+ 33. Ke2 Ra2+ 34. Kf3 1-0

[Event "Bruges Masters op"]
[Site "Bruges"]
[Date "2021.08.17"]
[Round "5"]
[White "Wachinger, Nikolas"]
[Black "Geirnaert, Steven"]
[Result "1-0"]
[WhiteElo "2374"]
[BlackElo "2422"]
[PlyCount "57"]
[EventDate "2021.08.14"]
[EventType "swiss"]
[EventRounds "9"]
[EventCountry "BEL"]
[SourceTitle "CBM 203 Extra"]
[Source "ChessBase"]
[SourceDate "2021.09.30"]
[SourceVersion "1"]
[SourceVersionDate "2021.09.30"]
[SourceQuality "1"]

1. d4 Nf6 2. c4 e6 3. Nc3 Bb4 4. Qc2 0-0 5. e4 d5 6. e5 Ne4 7. Bd3 c5 8. Nf3 cxd4 9. Nxd4 Nd7 10. Bf4 Ndc5 11. 0-0 Nxd3 12. Qxd3 Bxc3 13. bxc3 Qa5 14. cxd5 exd5 15. c4 Qa6 16. Rfc1 Be6 17. Qe3 Rad8 18. cxd5 Bxd5 19. f3 g5 20. fxe4 gxf4 21. Qxf4 Qb6 22. exd5 Rxd5 23. Rc4 Rfd8 24. Rd1 Qg6 25. h3 b5 26. Rc3 Kh8 27. Qf6+ Kg8 28. Kh2 Kf8 29. Ne6+ 1-0

[Event "BEL-ch"]
[Site "Bruges"]
[Date "2020.08.22"]
[Round "8"]
[White "Geirnaert, Steven"]
[Black "Maerevoet, Sim"]
[Result "1-0"]
[WhiteElo "2435"]
[BlackElo "2383"]
[PlyCount "63"]
[EventDate "2020.08.15"]
[EventType "tourn"]
[EventRounds "9"]
[EventCountry "BEL"]
[EventCategory "6"]
[SourceTitle "CBM 197 Extra"]
[Source "ChessBase"]
[SourceDate "2020.09.30"]
[SourceVersion "1"]
[SourceVersionDate "2020.09.30"]
[SourceQuality "1"]

1. d4 Nf6 2. c4 e6 3. Nc3 Bb4 4. f3 d5 5. a3 Bxc3+ 6. bxc3 c5 7. cxd5 Nxd5 8. dxc5 Qa5 9. e4 Ne7 10. Be3 0-0 11. Qb3 Qc7 12. Bb5 Nec6 13. Ne2 Na5 14. Qb4 e5 15. 0-0 Na6 16. Bxa6 bxa6 17. Rab1 Be6 18. c4 Nxc4 19. Bf2 Rab8 20. Qc3 Rxb1 21. Rxb1 Rb8 22. Rxb8+ Qxb8 23. Qb4 Qd8 24. Nc3 h5 25. c6 Qd3 26. Nd5 Bxd5 27. exd5 Nd2 28. Kh1 Qf1+ 29. Bg1 Nxf3 30. Qb8+ Kh7 31. Qxa7 Qc4 32. Qc5 1-0

[Event "BEL-ch"]
[Site "Bruges"]
[Date "2020.08.18"]
[Round "4"]
[White "Geirnaert, Steven"]
[Black "Hovhannisyan, Mher"]
[Result "1-0"]
[WhiteElo "2435"]
[BlackElo "2444"]
[PlyCount "145"]
[EventDate "2020.08.15"]
[EventType "tourn"]
[EventRounds "9"]
[EventCountry "BEL"]
[EventCategory "6"]
[SourceTitle "CBM 197 Extra"]
[Source "ChessBase"]
[SourceDate "2020.09.30"]
[SourceVersion "1"]
[SourceVersionDate "2020.09.30"]
[SourceQuality "1"]

1. d4 d5 2. c4 e6 3. Nf3 c5 4. cxd5 exd5 5. Nc3 Nc6 6. dxc5 d4 7. Na4 b5 8. cxb6 axb6 9. e3 Bb4+ 10. Bd2 d3 11. Bxb4 Nxb4 12. Nd4 Nf6 13. Nc3 Bb7 14. a3 Nbd5 15. Nxd5 Qxd5 16. Qxd3 0-0 17. Nf3 Qa5+ 18. Qd2 Qh5 19. Be2 Rfd8 20. Qb4 Ne4 21. 0-0 Nd2 22. Nxd2 Qxe2 23. Ne4 Bxe4 24. Qxe4 Qxb2 25. a4 Qb3 26. Rfb1 Qe6 27. Qxe6 fxe6 28. g4 Ra6 29. Rb4 Rda8 30. Kg2 h6 31. Kg3 Kf7 32. Rc1 Rxa4 33. Rc7+ Kf6 34. Rxb6 R8a7 35. Rcc6 Re7 36. f4 Kf7 37. h4 Raa7 38. Kf3 Ra8 39. Rc5 Raa7 40. Re5 Rac7 41. f5 exf5 42. Rxe7+ Kxe7 43. gxf5 Kf7 44. Kf4 Rc4+ 45. e4 Ra4 46. Rb7+ Kf6 47. h5 Rc4 48. Rb6+ Ke7 49. Ke5 Rc5+ 50. Kd4 Rc1 51. Kd5 Ra1 52. Rc6 Rb1 53. Rc4 Kf6 54. Rc6+ Ke7 55. Rg6 Kf7 56. Ra6 Ke7 57. Ra7+ Kf6 58. e5+ Kxf5 59. Rf7+ Kg5 60. Rxg7+ Kxh5 61. e6 Rd1+ 62. Kc6 Kh4 63. Rg6 Rc1+ 64. Kd6 Rd1+ 65. Ke5 Re1+ 66. Kf6 h5 67. e7 Kh3 68. Kf7 Rxe7+ 69. Kxe7 h4 70. Kf6 Kh2 71. Kf5 h3 72. Kf4 Kh1 73. Kg3 1-0

[Event "BEL-chT 1920"]
[Site "Belgium"]
[Date "2020.03.08"]
[Round "9.2"]
[White "Lai, Hing Ting"]
[Black "Geirnaert, Steven"]
[Result "0-1"]
[WhiteElo "2449"]
[BlackElo "2428"]
[PlyCount "82"]
[EventDate "2019.09.29"]
[EventType "team-tourn"]
[EventRounds "11"]
[EventCountry "BEL"]
[SourceTitle "CBM 195 Extra"]
[Source "ChessBase"]
[SourceDate "2020.05.31"]
[SourceVersion "1"]
[SourceVersionDate "2020.05.31"]
[SourceQuality "1"]
[WhiteTeam "Liege Crelel"]
[BlackTeam "KBSK Brugge"]
[WhiteTeamCountry "BEL"]
[BlackTeamCountry "BEL"]

1. d4 Nf6 2. Nf3 e6 3. Bf4 c5 4. c3 Nc6 5. e3 d5 6. Nbd2 Bd6 7. Bg3 0-0 8. Bb5 a6 9. Bxc6 bxc6 10. Qa4 Rb8 11. Qa3 Bxg3 12. hxg3 Qb6 13. b3 Nd7 14. Rc1 a5 15. Ne5 cxd4 16. Nxd7 Bxd7 17. cxd4 Qb4 18. Qb2 h6 19. Rc5 e5 20. a3 Qb6 21. Qc3 exd4 22. Qxd4 Qa6 23. f3 Rb5 24. Rc3 c5 25. Qxd5 Be6 26. Qd3 Qb6 27. Nc4 Qb8 28. 0-0 Rd8 29. Qc2 Qxg3 30. Nd2 c4 31. bxc4 Rh5 32. Ne4 Qh2+ 33. Kf2 Bh3 34. Rg1 f5 35. Nf6+ gxf6 36. Rd3 Rxd3 37. Qxd3 Rg5 38. Qd8+ Kh7 39. Qxf6 Rxg2+ 40. Rxg2 Qxg2+ 41. Ke1 Qf1+ 0-1

[Event "BL2-West 1920"]
[Site "Germany"]
[Date "2020.01.19"]
[Round "5.5"]
[White "Kotter, Ralf"]
[Black "Geirnaert, Steven"]
[Result "1-0"]
[WhiteElo "2360"]
[BlackElo "2428"]
[PlyCount "113"]
[EventDate "2019.09.19"]
[EventType "team-tourn"]
[EventRounds "9"]
[EventCountry "GER"]
[SourceTitle "EXT 2023"]
[Source "ChessBase"]
[SourceDate "2022.10.05"]
[SourceVersion "1"]
[SourceVersionDate "2022.10.05"]
[SourceQuality "1"]
[WhiteTeam "Dortmund Hansa"]
[BlackTeam "Remagen Sinzig"]
[WhiteTeamCountry "GER"]
[BlackTeamCountry "GER"]

1. e4 e5 2. Nf3 Nc6 3. Bc4 Bc5 4. 0-0 d6 5. c3 Nf6 6. d3 a6 7. b4 Ba7 8. a4 0-0 9. Re1 Qe7 10. Nbd2 Ng4 11. Re2 Kh8 12. h3 Nh6 13. Nf1 f5 14. Bg5 Qe8 15. Bxh6 gxh6 16. exf5 Rxf5 17. Ng3 Rxf3 18. gxf3 Ne7 19. d4 Qc6 20. Qd3 Ng6 21. b5 Qd7 22. Qe4 Qxh3 23. Rd2 Nf4 24. Bf1 Qh4 25. bxa6 Bh3 26. Bd3 Qe7 27. axb7 Rg8 28. Re1 Be6 29. Rb2 h5 30. b8Q Bxb8 31. dxe5 Nh3+ 32. Kf1 d5 33. Qb4 c5 34. Qxb8 Rxb8 35. Rxb8+ Bg8 36. Bf5 Nf4 37. e6 h4 38. Ne2 Nxe6 39. Nf4 Qd6 40. Rxg8+ Kxg8 41. Bxe6+ Kg7 42. Nxd5 Qa6+ 43. Kg2 Qxa4 44. Re4 Qc6 45. Rg4+ Kh6 46. Rxh4+ Kg7 47. Rg4+ Kh6 48. Bf7 c4 49. Bg8 Qa8 50. Ne3 Qa5 51. Bxc4 Kh5 52. Bf7+ Kh6 53. Be6 Qc7 54. Nf5+ Kh5 55. Rg7 h6 56. Ng3+ Qxg3+ 57. Rxg3 1-0

[Event "BL2-West 1920"]
[Site "Germany"]
[Date "2019.11.24"]
[Round "3.5"]
[White "Goebel, Constantin"]
[Black "Geirnaert, Steven"]
[Result "1-0"]
[WhiteElo "2246"]
[BlackElo "2428"]
[PlyCount "71"]
[EventDate "2019.09.19"]
[EventType "team-tourn"]
[EventRounds "9"]
[EventCountry "GER"]
[SourceTitle "EXT 2023"]
[Source "ChessBase"]
[SourceDate "2022.10.05"]
[SourceVersion "1"]
[SourceVersionDate "2022.10.05"]
[SourceQuality "1"]
[WhiteTeam "Schott Mainz"]
[BlackTeam "Remagen Sinzig"]
[WhiteTeamCountry "GER"]
[BlackTeamCountry "GER"]

1. e4 e5 2. Nf3 Nc6 3. Bb5 a6 4. Ba4 Nf6 5. 0-0 Nxe4 6. d4 b5 7. Bb3 d5 8. dxe5 Be6 9. c3 Bc5 10. Nbd2 0-0 11. Bc2 Nxf2 12. Rxf2 f6 13. exf6 Bxf2+ 14. Kxf2 Qxf6 15. Kg1 Rae8 16. h3 Bxh3 17. Nf1 Bxg2 18. Kxg2 Ne5 19. N1h2 Kh8 20. Bg5 Qf7 21. Nxe5 Rxe5 22. Bh4 Re3 23. Ng4 Re6 24. Bg3 Qh5 25. Qd3 Kg8 26. Nf2 Rh6 27. Bxc7 Rhf6 28. Bg3 Rf3 29. Bd1 Rxd3 30. Bxh5 Rd2 31. Rb1 Rf5 32. Bg4 Rg5 33. Kf3 Rg6 34. Bf5 Rf6 35. Ke3 Rxf2 36. Bxh7+ 1-0

[Event "Leuven op"]
[Site "Leuven"]
[Date "2019.11.08"]
[Round "1"]
[White "Geirnaert, Steven"]
[Black "Vande Ginste, Michiel"]
[Result "1-0"]
[WhiteElo "2437"]
[BlackElo "1757"]
[PlyCount "49"]
[EventDate "2019.11.08"]
[EventType "swiss"]
[EventRounds "7"]
[EventCountry "BEL"]
[SourceTitle "CBM 193 Extra"]
[Source "ChessBase"]
[SourceDate "2020.01.31"]
[SourceVersion "1"]
[SourceVersionDate "2020.01.31"]
[SourceQuality "1"]

1. d4 Nf6 2. c4 e6 3. Nc3 Bb4 4. f3 d5 5. a3 Bxc3+ 6. bxc3 0-0 7. cxd5 exd5 8. e3 Re8 9. Bd3 b6 10. Ne2 Ba6 11. Bc2 Nc6 12. 0-0 Na5 13. Re1 Nc4 14. Ng3 c5 15. e4 dxe4 16. fxe4 Qc7 17. Bg5 Nd7 18. e5 h6 19. Bxh6 gxh6 20. Qg4+ Kh8 21. Qf5 Nf8 22. Qf6+ Kg8 23. Nh5 Ne6 24. Qxh6 Nb2 25. Nf6# 1-0

[Event "BL2-West 1920"]
[Site "Germany"]
[Date "2019.10.20"]
[Round "2.7"]
[White "Geirnaert, Steven"]
[Black "Marcziter, Dmitrii"]
[Result "1-0"]
[WhiteElo "2428"]
[BlackElo "2241"]
[PlyCount "95"]
[EventDate "2019.09.19"]
[EventType "team-tourn"]
[EventRounds "9"]
[EventCountry "GER"]
[SourceTitle "EXT 2023"]
[Source "ChessBase"]
[SourceDate "2022.10.05"]
[SourceVersion "1"]
[SourceVersionDate "2022.10.05"]
[SourceQuality "1"]
[WhiteTeam "Remagen Sinzig"]
[BlackTeam "Aachen DJK"]
[WhiteTeamCountry "GER"]
[BlackTeamCountry "GER"]

1. d4 d5 2. c4 c6 3. Nc3 Nf6 4. cxd5 cxd5 5. Bf4 a6 6. e3 Nc6 7. Rc1 e6 8. Bd3 Bd6 9. Bxd6 Qxd6 10. f4 0-0 11. Nf3 b5 12. Ne5 Bb7 13. 0-0 Ne7 14. Qf3 Rac8 15. g4 Ng6 16. g5 Nd7 17. Qh5 b4 18. Na4 Rxc1 19. Rxc1 Rc8 20. Rxc8+ Bxc8 21. Bxg6 fxg6 22. Qd1 Nxe5 23. fxe5 Qd8 24. h4 h6 25. Qg4 Kh7 26. b3 Qe7 27. Nc5 a5 28. Qf4 hxg5 29. hxg5 Kg8 30. Kf2 Bd7 31. Kg3 Bb5 32. Qg4 Kf7 33. Kf4 Bd7 34. Kg3 Bb5 35. Kf2 Bd7 36. Nb7 a4 37. Nc5 axb3 38. axb3 Bb5 39. Qh3 Be8 40. Ke1 Bb5 41. Kd2 Bd7 42. Ke2 Bb5+ 43. Kf2 Be8 44. Qh8 Qa7 45. Nxe6 Kxe6 46. Qxe8+ Kf5 47. Qc8+ Kxg5 48. Kf3 1-0

[Event "Barcelona Sant Marti op 21st"]
[Site "Barcelona"]
[Date "2019.07.18"]
[Round "6"]
[White "Garcia Ramos, Daniel"]
[Black "Geirnaert, Steven"]
[Result "1/2-1/2"]
[WhiteElo "2336"]
[BlackElo "2418"]
[PlyCount "54"]
[EventDate "2019.07.13"]
[EventType "swiss"]
[EventRounds "9"]
[EventCountry "ESP"]
[SourceTitle "EXT 2020"]
[Source "ChessBase"]
[SourceDate "2019.10.17"]
[SourceVersion "1"]
[SourceVersionDate "2019.10.17"]
[SourceQuality "1"]

1. e4 e5 2. Nf3 Nc6 3. Bb5 a6 4. Ba4 Nf6 5. d3 b5 6. Bb3 Bc5 7. c3 d6 8. 0-0 0-0 9. h3 h6 10. Re1 Re8 11. Nbd2 Bb6 12. Nf1 Ne7 13. Ng3 Ng6 14. a4 Bb7 15. Nh2 d5 16. Ng4 Nxg4 17. Qxg4 Qf6 18. Nf5 Rad8 19. axb5 axb5 20. Qf3 Qe6 21. Qg3 c5 22. Ne3 Nf4 23. exd5 Nxd5 24. Ng4 Qg6 25. Bc2 c4 26. dxc4 Qxc2 27. cxd5 Qg6 1/2-1/2